LEADER 00917nam0-22002891i-450- 001 990005581390403321 005 20051025124455.0 035 $a000558139 035 $aFED01000558139 035 $a(Aleph)000558139FED01 035 $a000558139 100 $a19990604g19639999km-y0itay50------ba 101 0 $ager 105 $ay-------001yy 200 1 $aDEUTSCHE Königspfalzen$eBeiträge zu ihrer historischen und archäologischen Erforschung$fAdolf Gauert...[et al.] 210 $aGöttingen$cVandehoeck & Ruprecht$d1963 215 $a2 v.$d31 cm 225 1 $aVeröffentlichungen des Max-Planck-instituts fnr Geschichte$v11 676 $a720.943$v21$zita 702 1$aGauert,$bAdolf 801 0$aIT$bUNINA$gRICA$2UNIMARC 901 $aBK 912 $a990005581390403321 952 $a720.943 GAU 1 (1-2)$bST.MED.MOD. 2891$fFLFBC 959 $aFLFBC 996 $aDEUTSCHE Königspfalzen$9607520 997 $aUNINA LEADER 01443nam0 22003251i 450 001 UON00235259 005 20231205103522.249 010 $a88-8125-567-7 100 $a20030730d2002 |0itac50 ba 101 $aita 102 $aIT 105 $a|||| ||||| 200 1 $aAntinomie Novecentesche. 2. Juan Ramon Jimenez, Federico Garcìa Lorca, Rafael Alberti ; (con un'appendice sulla fortuna critica di Federico Garcìa Lorca e Jorge Guillén in Italia)$fGaetano Chiappini 210 $aFirenze$cAlinea$d2002 215 $a242 p.$d22 cm 410 1$1001UON00176703$12001 $aSecoli d'Oro$1210 $aFirenze$cAlinea$v29 606 $aALBERTI RAFAEL$xCritica e interpretazione$3UONC052391$2FI 606 $aGARCIA LORCA FEDERICO$3UONC040653$2FI 606 $aJIMÉNEZ JUAN RAMóN$xCRITICA E INTERPRETAZIONE$3UONC052390$2FI 606 $aLetteratura spagnola$xSec. 20.$xStudi$3UONC056711$2FI 620 $aIT$dFirenze$3UONL000052 676 $a860.6$cLetteratura spagnola, 1900-1999$v21 700 1$aChiappini$bGaetano$3UONV133014$0152446 712 $aAlinea$3UONV247009$4650 801 $aIT$bSOL$c20251107$gRICA 899 $aSIBA - SISTEMA BIBLIOTECARIO DI ATENEO$2UONSI 912 $aUON00235259 950 $aSIBA - SISTEMA BIBLIOTECARIO DI ATENEO$dSI SPA 16 SEC 029 $eSI LO 68559 5 029 996 $aAntinomie novecentesche$9249284 997 $aUNIOR